000 00571cam a22002171 4500
001 sa 65003801
003 DLC
005 20260227112126.0
008 890406s1964 xx 000 0 beno
010 _asa 65003801
035 _a(OCoLC)23573945
040 _aDLC
_cMiU
_dDLC
042 _apremarc
050 0 0 _aGR305.5.B4
_bB5
100 1 _aBhaṭṭācārya, Āśutosha,
_d1909-1984.
245 1 0 _aSobhiẏete Baṅgasaṃskr̥ti.
260 _c[1964]
300 _a5, 136, 180 p.
_billus., port.
_c23 cm.
500 _aRomanized.
650 0 _aBengalis
_xFolklore
999 _c63373
_d63373